000 00239nam a2200097Ia 4500
005 20251222114346.0
008 251222s1900||||xx |||||||||||||| ||spa||
082 _aDVD0095/O63/2005
245 0 _aDijiste que no comerĂ­as y comiste
942 _cDVD
999 _c1057
_d1057